000 00636cam a22002052 4500
001 0000000034
005 20151217161126.0
008 070108s xx 000 0 eng d
020 _a0192831348 :
_cKES 1,200
040 _aKABU
_cKABU
100 1 _aBlackburn, Simon.
_@0000147996
245 1 4 _aThe Oxford dictionary of philosophy /
_cSimon Blackburn.
250 _a ed.
260 _aOxford ;
_aNew York :
_bOxford University Press,
_c1996.
300 _aix, 418 p. ;
_c20 cm.
650 0 _aPhilosophy
_vDictionaries.
_@0000147997
908 _a070108
950 _@1
999 _c14823
_d14823